La teología del Nuevo Testamento (Record no. 139738)

MARC details
000 -LEADER
campo de control de longitud fija 00718nam a2200217 i 4500
001 - NÚMERO DE CONTROL
campo de control 139738
003 - IDENTIFICADOR DE NÚMERO DE CONTROL
campo de control ES-MaACL
005 - FECHA Y HORA DE LA ÚLTIMA TRANSACCIÓN
campo de control 20250830053606.0
007 - CAMPO FIJO DE DESCRIPCIÓN FÍSICA--INFORMACIÓN GENERAL
campo de control de longitud fija t|
008 - DATOS DE LONGITUD FIJA--INFORMACIÓN GENERAL
campo de control de longitud fija 070214s1966 sp r ||||1| spa d
100 1# - ENTRADA PRINCIPAL--NOMBRE DE PERSONA
Nombre de persona Schnackenburg, Rudolf.
9 (RLIN) 104543
245 13 - MENCIÓN DEL TÍTULO
Título La teología del Nuevo Testamento
Resto del título : estado de la cuestión /
Mención de responsabilidad, etc. Rudolf Schnackenburg ; versión española de Ignacio Viar.
260 ## - PUBLICACIÓN, DISTRIBUCIÓN, ETC.
Lugar de publicación, distribución, etc. Bilbao :
Nombre del editor, distribuidor, etc. Descleé de Brouwer,
Fecha de publicación, distribución, etc. 1966.
300 ## - DESCRIPCIÓN FÍSICA
Extensión 159 p. ;
Dimensiones 19 cm.
490 1# - MENCIÓN DE SERIE
Mención de serie Temas Bíblicos ;
Designación de volumen o secuencia 6
650 07 - PUNTO DE ACCESO ADICIONAL DE MATERIA--TÉRMINO DE MATERIA
Término de materia o nombre geográfico como elemento de entrada Teología bíblica
Fuente del encabezamiento o término embne
9 (RLIN) 17465
700 1# - ENTRADA AGREGADA--NOMBRE PERSONAL
Nombre de persona Viar, Ignacio.
9 (RLIN) 114293
830 0# - PUNTO DE ACCESO ADICIONAL DE SERIE-TÍTULO UNIFORME
Título uniforme Temas Bíblicos ;
Designación de volumen o secuencia 6
9 (RLIN) 183517
852 ## - LOCALIZACIÓN
Ubicación ES-MaACL
Número de control de estantería C-29476
Sublocalización o colección R.59832
Holdings
Estatus retirado Estado de pérdida Estado de daño No para préstamo Biblioteca de origen Biblioteca actual Ubicación en estantería Fecha de adquisición Fuente de adquisición Total de préstamos Signatura topográfica completa Código de barras Visto por última vez Precio de reemplazo Tipo de ítem Koha
        Biblioteca del Ateneo de Madrid Biblioteca del Ateneo de Madrid Depósito 2 17/01/2008     C-29476 1145416 23/02/2023 23/02/2023 Libro impreso